000 00776nam a2200217Ia 4500
001 15803
003 GE_BSU
008 181216s||||||||xx |||||||||||||| ||und||
040 _cGE_BSU
100 _aჭილაძე, ო. (ოთარ, 1933-2009)
245 _aბავშვი უკრავდა სტუმრების თხოვნით
245 _bლექსები
245 _cრედ.ა.ადამია მხატვ.ი.ჯანაშვილი
260 _aთბილისი
260 _bმერანი
260 _c1968
300 _a139 გვ. ; 16 სმ.
653 _aბავშვი უკრავდა სტუმრების თხოვნით
653 _aლექსები
942 _cBK
999 _c48900
_d48900